{"text_format":"3","workbook":"xlsx","n_sheets":1,"sheets":["检验用物品"],"read":"whole","date_system":"1900"}

{"sheet":"检验用物品","index":0,"n_rows":163,"n_cols":6,"rows_kept":163,"merged":[[0,0,0,5],[19,6,24,6],[162,0,162,5]]}
["制剂室配套物品清单"]
["序号","名称","规格","数量","单价预算\n（元）","总金额（元）"]
[1,"玻璃培养皿","直径90",30,22,{"$f":"D3*E3","v":660}]
[2,"玻璃培养皿","直径70",30,18,{"$f":"D4*E4","v":540}]
[3,"培养皿筒","F1/2型304不锈钢",2,360,720]
[4,"试管架","4*8排，材质PP",3,260,780]
[5,"304不锈钢试管架","5*10排",2,480,960]
[6,"移液管架","材质PP",2,200,400]
[7,"定性滤纸","直径15",2,40,80]
[8,"定性滤纸","直径11",1,36,36]
[9,"定性滤纸","直径10",2,36,72]
[10,"标准PH值试纸","4.0－10",2,20,40]
[11,"薄层层析缸（玻璃）","10*20",2,600,1200]
[12,"薄层层析缸（玻璃）","10*10",2,480,960]
[13,"不锈钢剪刀","/",2,120,240]
[14,"坩埚","30ml",5,400,2000]
[15,"圆底蒸发皿","直径150",2,110,220]
[16,"圆底蒸发皿","直径90",2,80,160]
[17,"圆底蒸发皿","直径210",4,120,480]
[18,"三角烧瓶","250ml",6,38,228]
[19,"三角烧瓶","100ml",6,26,156]
[20,"磨口锥形瓶（带塞）","250ml",20,28,560]
[21,"磨口锥形瓶（带塞）","150ml",10,22,220]
[22,"磨口锥形瓶（带塞）","500ml",5,36,180]
[23,"磨口锥形瓶（带塞）","100ml",6,20,120]
[24,"磨口锥形瓶（带塞）","1000ml",2,70,140]
[25,"铁架台","/",2,38,76]
[26,"加热回流装置（含电热套、500ml圆底烧瓶、球形或蛇形冷凝管、200ml平底烧瓶）",null,2,560,1120]
[27,"玻璃烧杯","50ml",10,9,90]
[28,"玻璃烧杯","100ml",10,10,100]
[29,"玻璃烧杯","200ml",4,15,60]
[30,"玻璃烧杯","250ml",10,15,150]
[31,"玻璃烧杯","500ml",10,16,160]
[32,"玻璃烧杯","1000ml",4,20,80]
[33,"玻璃烧杯","2000ml",2,50,100]
[34,"薄层点样毛细管","5ul*100支/盒",2,80,160]
[35,"量筒","10ml",4,18,72]
[36,"量筒","20ml",2,20,40]
[37,"量筒","25ml",2,22,44]
[38,"量筒","50ml",4,25,100]
[39,"量筒","100ml",4,34,136]
[40,"量筒","250ml",2,56,112]
[41,"量筒","500ml",1,120,120]
[42,"量杯","100ml",2,38,76]
[43,"量杯","250ml",2,61,122]
[44,"量杯","500ml",1,98,98]
[45,"量杯","1000ml",1,180,180]
[46,"量瓶","5ml",5,20,100]
[47,"量瓶","10ml",5,22,110]
[48,"量瓶","25ml",5,25,125]
[49,"量瓶","50ml",5,26,130]
[50,"量瓶","100ml",4,31,124]
[51,"量瓶","250ml",4,45,180]
[52,"量瓶","500ml",2,60,120]
[53,"量瓶","1000ml",2,70,140]
[54,"纳氏比色管","50ml",6,30,180]
[55,"比色管台","50ml用,6孔，有机玻璃",1,150,150]
[56,"比重瓶","25ml",2,40,80]
[57,"比重瓶","50ml",2,50,100]
[58,"酸式滴定管","10ml",2,110,220]
[59,"酸式滴定管","50ml",2,170,340]
[60,"酸式滴定管（棕色）","50ml",2,200,400]
[61,"碱式滴定管","10ml",2,210,420]
[62,"碱式滴定管","50ml",2,330,660]
[63,"碱式滴定管（棕色）","50ml",2,400,800]
[64,"刻度吸管","1ml",10,20,200]
[65,"刻度吸管","2ml",10,25,250]
[66,"刻度吸管","5ml",5,25,{"$f":"D68*E68","v":125}]
[67,"刻度吸管","10ml",5,30,150]
[68,"胖肚移液管","1ml",10,26,260]
[69,"胖肚移液管","2ml",10,28,280]
[70,"胖肚移液管","5ml",10,30,300]
[71,"胖肚移液管","10ml",10,32,320]
[72,"聚乙烯一次性吸液管","5ml（袋）",1,50,50]
[73,"玻璃样品瓶","2-5ml",20,55,1100]
[74,"玻璃漏斗（锥形）","口径90mm",2,25,50]
[75,"梨形分流漏斗","200ml",2,70,140]
[76,"梨形分流漏斗","250ml",2,70,140]
[77,"梨形分流漏斗","500ml",2,120,240]
[78,"玻璃滴管","/",15,6,90]
[79,"乳胶吸头","/",20,1,20]
[80,"漏斗架","/",2,100,200]
[81,"不锈钢镊子","/",2,18,36]
[82,"长柄药勺（牛角或不锈钢）","大号",5,10,50]
[83,"长柄药勺（牛角或不锈钢）","小号",5,8,40]
[84,"坩埚钳",null,2,22,44]
[85,"烧杯钳",null,2,18,36]
[86,"石棉网","15cm",7,4,28]
[87,"擦镜纸","本",8,5,40]
[88,"记号笔(防酒精）","支",10,5,50]
[89,"试管刷","大号",4,5,20]
[90,"试管刷","中号",7,5,35]
[91,"试管刷","小号",7,5,35]
[92,"试管","直口15",90,5,450]
[93,"试管","直口20",80,6,480]
[94,"试管","直口30",35,6,210]
[95,"夹具（中）","中号",3,150,450]
[96,"夹具（小）","小号",3,130,390]
[97,"304不锈钢消毒篮","直径40cm,高30cm",3,220,660]
[98,"304不锈钢消毒筐","40*30*15cm",3,120,360]
[99,"薄层预制板（硅胶G）","200*100",200,4,800]
[100,"薄层预制板（硅胶H）","200*100",80,5,400]
[101,"薄层预制板（硅胶GF254）","200*100",100,4,400]
[102,"洗耳球",null,8,6,48]
[103,"橡胶栓（塞）","2号",10,5,50]
[104,"橡胶栓（塞）","3号",10,6,60]
[105,"橡胶栓（塞）","4号",10,8,80]
[106,"橡胶栓（塞）","适合细口试剂瓶（玻璃）",10,10,100]
[107,"硅胶栓（塞）","11号",65,6,390]
[108,"硅胶栓（塞）","2号",50,5,250]
[109,"硅胶栓（塞）","适合250ml锥形瓶口",70,7,490]
[110,"载玻片","100片/盒",4,9,36]
[111,"盖玻片","100片/盒",4,6,24]
[112,"酒精灯","250ml",5,8,40]
[113,"玻璃器具架","/",2,360,720]
[114,"玻璃细口试剂瓶（带塞）","60ml",30,12,360]
[115,"玻璃细口试剂瓶（带塞）","120ml",20,14,280]
[116,"玻璃细口试剂瓶（带塞）","250ml",5,16,80]
[117,"玻璃细口试剂瓶（带塞）","1000ml",5,25,125]
[118,"PP材质细口试剂瓶（带塞）","250ml",4,6,24]
[119,"铂丝","15cm/条",1,700,700]
[120,"微孔滤膜","0.45um*50mm，50片/盒，有机",3,50,150]
[121,"微孔滤膜","0.45um*50mm，50片/盒，水系",3,40,120]
[122,"玻璃棒","直径8mm，长25cm",5,2,10]
[123,"接种棒",null,3,10,30]
[124,"合金接种环","1mm",10,2,20]
[125,"合金接种环","2mm",10,2,20]
[126,"碘量瓶","500ml",6,25,150]
[127,"实验室用水温温度计","量程-10至110度",5,5,25]
[128,"自封袋","18*26",200,0.1,20]
[129,"自封袋","13*19",200,0.06,12]
[130,"自封袋","6*8",200,0.04,{"$f":"D132*E132","v":8}]
[131,"玻璃砂芯过滤器","1000ml",1,500,500]
[132,"遮蔽胶带/分色纸"," 宽24mm，每卷20米",10,3,30]
[133,"离心管","2ml，带盖",500,10,5000]
[134,"喷雾瓶"," 19/26   50ml",5,52,260]
[135,"隔热耐高温手套","耐500度",4,128,512]
[136,"防爆沸沸石","250g",1,48,48]
[137,"塑料刻度洗瓶","500ml",2,3,6]
[138,"火焰枪",null,2,15,30]
[139,"脱脂棉","500g",1,28,28]
[140,"玻璃敞口层析柱","19/26  ，16*300mm",3,78,234]
[141,"一次性微生物限度专用滤杯","250ml",100,244.8,2448]
[142,"透明、棕色螺口玻璃样品瓶","30ml各10个",20,3,60]
[143,"透明、棕色螺口玻璃样品瓶","20ml各30个",60,2,120]
[144,"透明、棕色螺口玻璃样品瓶","10ml各10个",20,1,20]
[145,"实验室灭菌专用牛皮纸","787*1092mm，全木浆制作。",100,3,300]
[146,"白色合股棉线","用于捆扎",30,0.5,15]
[147,"封口膜","进口膜（直径20mm），500张/件",1,98,98]
[148,"滴水架","32位，喷塑",2,68,136]
[149,"接种铲勺","双头设计，一铲一勺，不锈钢，20cm",6,6.5,39]
[150,"放大镜","液体硅胶手柄，防摔框，双面可用",4,12,48]
[151,"透明玻璃干燥器","直径300mm，配玻璃真空塞",2,150,300]
[152,"棕色玻璃干燥器","直径300mm，配玻璃真空塞",2,150,300]
[153,"硅胶干燥剂","食品级，4000包/箱",4000,0.08,320]
[154,"陶瓷研钵","直径245mm",4,120,480]
[155,"玛瑙研钵","直径100mm（含棒）",1,405,405]
[156,"玻璃称量瓶","带盖，扁形，高硼硅材质，直径60mm，高30mm",20,8,160]
[157,"红外烘烤箱","型号：WS-70。外形尺寸：550*410*275.配两外灯泡",1,960,960]
[158,"称量纸","120mm，加厚，500张/包",2,10,20]
[159,"试剂标签纸","红、蓝、绿各1件，防水防油防撕，每件500贴",3,15,45]
[]
["注：不包括检测用试剂、对照品、对照药材、标准品等耗材。"]